Panchtantrm (Record no. 63633)
[ view plain ]
| 000 -LEADER | |
|---|---|
| fixed length control field | 00219nam a22000977a 4500 |
| 100 ## - MAIN ENTRY--AUTHOR NAME | |
| Personal name | Naveen,Kumar Jha |
| 245 ## - TITLE STATEMENT | |
| Title | Panchtantrm |
| 260 ## - PUBLICATION, DISTRIBUTION, ETC. (IMPRINT) | |
| Place of publication | Delhi |
| Name of publisher | J.P. Publicshing |
| Year of publication | 2016 |
| 650 ## - SUBJECT ADDED ENTRY--TOPICAL TERM | |
| Topical Term | Stories |
| 942 ## - ADDED ENTRY ELEMENTS (KOHA) | |
| Koha item type | Books |
| Withdrawn status | Lost status | Damaged status | Not for loan | Home library | Current library | Date acquired | Cost, normal purchase price | Full call number | Accession Number | Price effective from | Koha item type |
|---|---|---|---|---|---|---|---|---|---|---|---|
| MACL | MACL | 16/10/2020 | 1350.00 | 823/SHA | CRE037291 | 16/10/2020 | Books |









